MARC details
| 000 -CABECERA |
| campo de control de longitud fija |
02485nam a2200277 a 4500 |
| 001 - NÚMERO DE CONTROL |
| campo de control |
000015349 |
| 003 - IDENTIFICADOR DEL NÚMERO DE CONTROL |
| campo de control |
DO-SdBNP |
| 005 - FECHA Y HORA DE LA ÚLTIMA TRANSACCIÓN |
| campo de control |
20250501120733.0 |
| 008 - DATOS DE LONGITUD FIJA--INFORMACIÓN GENERAL |
| campo de control de longitud fija |
100205s2008 dr ad 001 0 spa d |
| 040 ## - FUENTE DE LA CATALOGACIÓN |
| Centro catalogador/agencia de origen |
DO-SdBNP |
| Lengua de catalogación |
spa |
| Centro/agencia transcriptor |
BNPHU |
| 082 ## - NÚMERO DE LA CLASIFICACIÓN DECIMAL DEWEY |
| Número de clasificación |
304.6021 |
| Número de documento/Ítem |
R426d |
| 110 1# - ENTRADA PRINCIPAL--NOMBRE DE ENTIDAD CORPORATIVA |
| Nombre de entidad corporativa o nombre de jurisdicción como elemento de entrada |
República Dominicana |
| Unidad subordinada |
Secretaría de Estado de Economía, Planificación y Desarrollo |
| -- |
Oficina Nacional de Estadísticas |
| 9 (RLIN) |
34689 |
| 245 10 - MENCIÓN DE TÍTULO |
| Título |
República Dominicana : |
| Resto del título |
estimaciones y proyecciones de población 1950-2050. |
| 260 ## - PUBLICACIÓN, DISTRIBUCIÓN, ETC. |
| Lugar de publicación, distribución, etc. |
Santo Domingo : |
| Nombre del editor, distribuidor, etc. |
ONE, |
| Fecha de publicación, distribución, etc. |
2008. |
| 300 ## - DESCRIPCIÓN FÍSICA |
| Extensión |
v. ; |
| Dimensiones |
28 cm. |
| 500 ## - NOTA GENERAL |
| Nota general |
La biblioteca posee el v. 1, 2, 3 |
| 500 ## - NOTA GENERAL |
| Nota general |
Revisión 2007 |
| 504 ## - NOTA DE BIBLIOGRAFÍA, ETC. |
| Nota de bibliografía, etc. |
Incluye bibliografía |
| 505 0# - NOTA DE CONTENIDO CON FORMATO |
| Nota de contenido con formato |
Presentación -- |
| -- |
Introducción -- |
| Información miscelánea |
v. 1 |
| Título |
Estimación y proyección de los componentes demográficos, 1950-2050 -- |
| -- |
Conciliación censal y población base -- |
| -- |
Resultados de la estimación y proyección de la población -- |
| -- |
Resultados de las estimaciones y proyecciones -- |
| -- |
Anexos |
| Información miscelánea |
Anexo 1 |
| Título |
Funciones de la tabla de mortalidad -- |
| Información miscelánea |
Anexo 2 |
| Título |
República Dominicana. Tablas abreviadas de mortalidad estimadas en las fechas censales 1950, 1970, 1981, 1993 y 2002 |
| Información miscelánea |
Anexo 3 |
| Título |
República Dominicana. Tablas abreviadas de mortalidad proyectadas en las fechas censales 2000-2050 |
| Información miscelánea |
Anexo 4 |
| Título |
Definiciones de algunos indicadores demográficos. |
| Información miscelánea |
v. 2 |
| Título |
Presentación -- |
| -- |
Introducción -- |
| -- |
Aspectos generales de las tablas de vida o tablas de mortalidad -- |
| -- |
Las condiciones de la mortalidad en la segunda mitad del Siglo XX -- |
| -- |
Mortalidad de la población de 5 años y más de edad -- |
| -- |
Los cambios en la sobremortalidad masculina por edad -- |
| -- |
Tablas de mortalidad -- |
| -- |
Los cambios en la mortalidad reflejados en la esperanza de vida -- |
| -- |
Proyección de las tablas de mortalidad quinquenales 200-2050 |
| -- |
Cambios esperados en la mortalidad de la República Dominicana -- |
| -- |
Anexos |
| Información miscelánea |
Anexo 1 |
| Título |
Funciones de la tabla de mortalidad -- |
| Información miscelánea |
Anexo 2 |
| Título |
República Dominicana. Tablas abreviadas de mortalidad estimadas en las fechas censales 1950, 1970, 1981, 1993 y 2002 |
| Información miscelánea |
Anexo 3 |
| Título |
República Dominicana. Tablas abreviadas de mortalidad proyectadas en las fechas censales 2000-2050 |
| Información miscelánea |
v. 3 |
| Título |
Metodología -- |
| 590 ## - NOTA LOCAL (RLIN) |
| Nota local |
Inventariado, 2019/LP |
| 650 #0 - PUNTO DE ACCESO ADICIONAL DE MATERIA--TÉRMINO DE MATERIA |
| Término de materia o nombre geográfico como elemento de entrada |
Demografía |
| 9 (RLIN) |
45443 |
| 650 #4 - PUNTO DE ACCESO ADICIONAL DE MATERIA--TÉRMINO DE MATERIA |
| Término de materia o nombre geográfico como elemento de entrada |
Previsión demográfica |
| Subdivisión geográfica |
República Dominicana |
| Subdivisión general |
Estadística vital |
| 9 (RLIN) |
34691 |
| 651 #4 - PUNTO DE ACCESO ADICIONAL DE MATERIA--NOMBRE GEOGRÁFICO |
| Nombre geográfico |
República Dominicana |
| Subdivisión general |
Población |
| 9 (RLIN) |
1423 |
| 710 1# - PUNTO DE ACCESO ADICIONAL--NOMBRE DE ENTIDAD CORPORATIVA |
| Nombre de entidad corporativa o nombre de jurisdicción como elemento de entrada |
República Dominicana. |
| Unidad subordinada |
Oficina Nacional de Estadística |
| 9 (RLIN) |
5775 |
| 942 ## - ELEMENTOS DE PUNTO DE ACCESO ADICIONAL (KOHA) |
| Fuente del sistema de clasificación o colocación |
Dewey Decimal Classification |
| Tipo de ítem Koha |
Libro |